000 00902cam a2200265 a 4500
008
020 _a1887201106 (hbk.)
049 _aMAIN
090 0 _aTC805 HAR
100 1 _aHargreaves, George H.
245 1 0 _aIrrigation fundamentals :
_ban applied technology text for teaching irrigation at the intermediate level /
_cby George H. Hargreaves and Gary P. Merkley.
260 _aHighlands Ranch, Colo. :
_bWater Resources Publication, LLC,
_cc1998.
300 _axvi, 182 p. :
_bill. ;
_c24 cm.
500 _aIncludes index.
504 _aIncludes bibliographical references.
650 0 _aIrrigation.
650 0 _aIrrigation scheduling.
650 0 _aWater-supply, Agricultural.
700 1 _aMerkley, Gary P.
907 _a.b10230476
_b12-02-07
_c12-02-07
003
005 20230123134352.0
040 _cNUST
942 _cBOOKS
_kTC805 HAR
999 _c164715
_d164715